000 00440nam a2200169Ia 4500
008 141014s9999||||xx |||||||||||||| ||und||
010 _a16923
020 _a968-23-0560-8
082 _a331.972 J.95
100 _aJuarez, Antonio
245 _aLas corporaciones transnacionales y los trabajadores mexicanos
250 _a1ra Ed
260 _aSiglo XXI S.A. Mexico
_c1979
300 _a292
_c18 cm
650 _aSocialismo
942 _cBK
999 _c17073
_d17073